| 000 | 01026nam a2200265 i 4500 | ||
|---|---|---|---|
| 001 | 182641 | ||
| 003 | ES-MaACL | ||
| 005 | 20250915180944.0 | ||
| 008 | 131008s2012 sp | |||||||| | spa d | ||
| 020 | _a978-84-96862-47-0 | ||
| 080 | _a5/6(035) | ||
| 100 | 1 |
_aCostas Costas, Eduardo. _9153576 |
|
| 245 | 1 | 0 |
_aPurasangres y cerdos : _bel placer de pensar y otros ensayos científicos / _cEduardo Costas, Victoria López Rodas y Jesús Pintor ; prólogo de María Teresa Miras Portugal. |
| 260 |
_a[Guadalajara] : _bSilente ; _a[Madrid] : _bdistribuye, La Torre Literaria, _cD.L. 2012. |
||
| 300 |
_a273 p. ; _c24 cm. |
||
| 490 | 1 | _aSilente académica | |
| 650 | 4 |
_aCiencia- _vObras de divulgación _910959 |
|
| 700 | 1 |
_aLópez Rodas, Victoria. _9153577 |
|
| 700 | 1 |
_aPintor, Jesús. _9153578 |
|
| 700 | 1 |
_aMiras Portugal, María Teresa. _9148564 |
|
| 830 | 0 |
_aSilente académica _9191406 |
|
| 852 |
_aES-MaACL _jA-12794 _9189558 _bR.148847 _cDEPO1 _dOlim: N-5794 |
||
| 942 |
_2udc _cMONOGRAFIA |
||
| 999 |
_c182641 _d182641 |
||